000 00423nam a2200169Ia 4500
001 20090
003 IN-NITTTR
005 20251114233230.0
008 251113s9999||||xx |||||||||||||| ||eng||
040 _beng
040 _cIN-NITTTR
041 _aeng
082 _a624.18341 I8P
100 _aInternational symposium,
245 0 _aproceedings of fibre reinforced concrete /
_cInternational symposium
942 _2ddc
_cBK
999 _c22724
_d22724